000 00459nam a2200169Ia 4500
005 20250508160112.0
008 008 250505s9999 xx 000 0 eng d
037 _aBooks to be hide in OPAC
040 _aFEDL
_beng
_cFEDL
041 _aeng
_2eng
084 _a423, WEB
_qFEDL
245 0 _aMerriam-webster pocket dictionary
260 _aNew York, USA
_bPocket Books
300 _a506p.
942 _cHB
_h423, WEB
999 _c1361740
_d1361740